000 01215nam a22002411a 4500
999 _c11958
_d11958
001 11958
003 OSt
005 20260204212304.0
008 140918s2013||||dr ||||||b||||||||||spa||
090 _aEDU-IN 2013 J45
100 1 _aJiménez Pérez, Brigida
_esustentante
245 1 _aIntegración de los recursos audiovisuales como herramienta educativa en el centro modelo de educación inicial del distrito educativo 16-01 de Cotuí / Brigida Jiménez Pérez, Carmen Durán Vásquez y Williana de la Cruz Mosquea. ; asesor Carmen Lidia Fabián Hernández
260 _aCotuí, República Dominicana :
_bUTECO,
_c2013
300 _aviii, 37 hojas :
_bIlustraciones ;
_c28cm.
502 _aTrabajo de grado (Licenciatura en Educación Inicial)--Universidad Tecnológica del Cibao Oriental, 2013
504 _aIncluye referencia bibliográfica e índice
650 4 _aIntegración de los recursos audiovisuales como herramienta
700 1 _aCarmen Durán Vásquez,
_esustentante
700 1 _aWilliana de la Cruz Mosquea,
_esustentante
700 1 _a Carmen Lidia Fabián Hernández,
_easesor
830 _aTesis y disertaciones académicas (Universidad Tecnológica del Cibao Oriental)
942 _2LC
_cTH